El Futuro de los partidos políticos en México /

La larga y accidentada transición mexicana que culminó en 2000 con el triunfo electoral del PAN y la derrota del PRI, significó el fin de un ciclo histórico de la política y la sociedad mexicanas. Las elecciones que se celebrarán en julio de 2003 serán las primeras en un régimen plenamente reconocid...

Повний опис

Збережено в:
Бібліографічні деталі
Автор: Acosta Silva, Adrián
Формат: Текст
Предмети:
Теги: Додати тег
Немає тегів, Будьте першим, хто поставить тег для цього запису!

MARC

LEADER 00000 a a2200000 04500
001 10703
003
040
100 |a Acosta Silva, Adrián  
245 |a El Futuro de los partidos políticos en México /  |c Adrián Acosta Silva 
520 |a La larga y accidentada transición mexicana que culminó en 2000 con el triunfo electoral del PAN y la derrota del PRI, significó el fin de un ciclo histórico de la política y la sociedad mexicanas. Las elecciones que se celebrarán en julio de 2003 serán las primeras en un régimen plenamente reconocido como democrático por todos los partidos. Se renovará la Cámara de Diputados y varios congresos estaduales, presidencias municipales y gobernaturas locales. La dimensión simbólica de la postransición, la experiencia de la alternancia, el comportamiento de las organizaciones, el costo público de la política, los efectos del sistema electoral sobre el sistema de partidos, y el papel de la política en las iniciativas económicas del nuevo régimen, forman algunos puntos del "mínimo irreductible" de temas que pueden configurar una visión del futuro de los partidos políticos en México  
650 |a PARTIDOS POLITICOS  
650 |a SISTEMAS POLITICOS  
650 |a ELECCIONES  
650 |a COMPORTAMIENTO POLITICO  
650 |a DEMOCRACIA  
773 |g número 183; páginas 27-37  
999 |c 37864  |d 37864